000 02175nam a2200229Ia 4500
003 Ost
005 20260507075057.0
008 260507s9999||||xx |||||||||||||| ||und||
020 _a7188069957
040 _cfsecg
041 _aara
082 _a657.835
100 _aاحمرو، إسماعيل حسين
_eمؤلف
245 0 _aالمحاسبة الحكومية :
_bمن التقليد إلى الحداثة /
_c إسماعيل حسين احمرو
260 _aعمان:
_bدار المسيرة,
_c2003
300 _a335 صفحة؛
_bإيضاحات ؛
_c24 سم
504 _aبيبليوغرافيا ص.321
520 _aأساسيات في المحاسبة الحكومية،أنواع وحدات الجهاز الحكومي وطبيعة أنشطتها،مفهوم المحاسبة الحكومية وخصائصها،نظام المحاسبة الحكومية،نظام الموازنة العامة،المفاهيم الأساسية في نظام الموازنة العامة،إعداد الموازنة العامة في المملكة الأردنية الهاشمية وتنفيذها،الأساليب الحديثة لإعداد الموازنة العامة،النظام المحاسبي الحكومي،المفاهيم الأساسية في النظام المحاسبي الحكومي،تطبيق نظرية الأموال المخصصة في الوحدات الحكومية،النظام المحاسبي الحكومي في المملكة الأردنية الهاشمية-نظام الرقابة على المال العام،أساليب تحديث المحاسبة الحكومية،تحديث الموازنة العامة بتطبيق أسلوب الموازنة،تحديث النظام المحاسبي الحكومي بما يتلائم مع أسلوب موازنة البرامج والأداء،الأساليب الحديثة للرقابة على المال العام
653 _aالمحاسبة الحكومية
653 _aالموازنة العامة
942 _cكتاب
999 _c42748
_d42748